000 00872nam a2200181 a 4500
008 120416s1993 ||||||||||||||||| || u
020 _a1551300109
050 _aQ 175.5 Bef
100 _aSigmon, Becky A
245 1 0 _aBefore the wall fell: the science of man in the socialist europe
_cedited by Becky A Sigmon
260 _aToronto
_bCanadian Scholars Press
_c1993
300 _axx, 204p : ill.
350 _a0.00
650 _aPHYSICAL ANTHROPOLOGY--EUROPE, EASTERN--HISTORY
650 _aSCIENCE AND STATE--EUROPE, EASTERN--HISTORY-20th CENTURY
995 _D0.00
_FCBU-MAIN LIBRARY (Kitwe)
_H1
_I18.95
_M1
_UAVAILABLE
_ZMain Library Open Access Collection
995 _D0.00
_FCBU-MAIN LIBRARY (Kitwe)
_H2
_I18.95
_M2
_UAVAILABLE
_ZMain Library Open Access Collection
999 _c81052
_d81052